58 Babynamen der Woche 32/25' - Statistiken

Allgemein
  • Dieses Quiz wurde 7 mal gespielt
  • Das Durchschnittsergebnis liegt bei 14 aus 58
Antwortstatistiken
📍 Vorname % Korrekt
I.a ♀️ Ida
71%
Is.b.l.a ♀️ Isabella
71%
L.u.a ♀️ Laura
71%
A..a ♀️ Alma
57%
C.a.l.t.e ♀️ Charlotte
57%
O..o ♂️ Otto
57%
T..m.s ♂️ Thomas
57%
Al..a.d.a ♀️ Alexandra
43%
Al.e.s.a ♀️ Allessia
43%
Am.d..s ♂️ Amadeus
43%
An..l.e ♀️ Annelie
43%
El.s.b.t.a ♀️ Elisabetta
43%
F..n ♂️ Finn
43%
J.n.t..n ♂️ Jonathan
43%
L..f ♂️ Leif
43%
M.t.i..a ♀️ Mathilda
43%
M.x..a ♀️ Maxima
43%
N..h ♂️ Noah
43%
D.l.a ♀️ Dalia
29%
F.i.a ♀️ Frida
29%
Is.d.r ♂️ Isidor
29%
Kj..l ♂️ Kjell
29%
K..s.a.t.n ♂️ Konstantin
29%
L..i ♂️ Levi
29%
L.y.a | L.i.a ♀️ Leyla | Laila
29%
L.a.a ♀️ Luana
29%
Op..l.a ♀️ Ophelia
29%
P.o.a ♀️ Paola
29%
P..t ♂️ Piet
29%
Al.y.a ♀️ Aleyna
14%
A.p.r.n ♂️ Alperen
14%
En..a ♀️ Enija
14%
F.e.a ♀️ Freya
14%
J.s..a ♂️ Joshua
14%
K.t.l.n ♀️ Katelyn
14%
L.v..t ♂️ Levent
14%
M.r..n ♀️ Marien
14%
M.l.n ♂️ Milan
14%
N..i ♂️ Nevi
14%
Ob.n.m ♂️ Obinim
14%
Q.i.n ♀️ Quinn
14%
S..p..n.e ♀️ Stephanie
14%
A.v..e ♀️ Alvine
0%
Am.g.a ♀️ Amogha
0%
A..i ♀️ Auri
0%
C.n..t ♂️ Cennet
0%
Is.l.e ♀️ Isalie
0%
L..i ♀️ Loni
0%
M.k.n.o ♂️ Mikanto
0%
N..t.s ♂️ Noctis
0%
Ol.m.a ♀️ Olimpa
0%
Q.i..y ♂️ Quincy
0%
S.h.i..a ♀️ Scheicha
0%
S.i.o ♀️ Shiho
0%
S..l.n ♀️ Shilan
0%
S..c.y ♀️ Stacey
0%
V.d.r.h ♂️ Vedarth
0%
Z..n ♂️ Zayn
0%
Keine übereinstimmenden Quizze gefunden
Verteilung der Resultate
Anzahl Personen mit jedem Resultat
Perzentil nach korrekt beantworteten Fragen
Ihre Resultats-Entwicklung
Sie haben dieses Quiz noch nicht gespielt